Vainqueurs de la Coupe de France - Mort Subite - Statistiques

Statistiques générales
  • Ce quiz a été pris 678 fois
    115 depuis la dernière actualisation
  • Le résultat moyen est 8 sur 33
Answers on the Grid
Answers color-coded by a green-red scale on the quiz's grid according to % correct below.
AJ Auxerre
Amiens SC
Angers SCO
AS Cannes
AS Monaco
AS Nancy-Lorraine
AS Saint-Étienne
AS Troyes-Savinienne
AS Valentigney
CA Paris
CA Sports généraux
Calais RUFC
Club français
CS Sedan Ardennes
EA Guingamp
EAC Roubaix
ÉF Nancy-Lorraine
ÉF Reims-Champagne
Évian Thonon Gaillard FC
FC Lorient
FC Lyon
FC Metz
FC Nancy
FC Nantes
FC Rouen
FC Sète
FC Sochaux-Montbéliard
FCO Charleville
Girondins de Bordeaux
LB Châteauroux
Le Havre AC
LOSC Lille
Montpellier HSC
Nîmes Olympique
OGC Nice
Olympique de Marseille
Olympique de Paris
Olympique lillois
Olympique lyonnais
Paris Saint-Germain
RC Lens
RC Paris
Pau FC
RC Strasbourg
Red Star FC
SC Bastia
SC Fives
Stade de Reims
Stade rennais FC
Toulouse FC
US Orléans
US Quevilly
Valenciennes FC
Vendée Les Herbiers
 
Statistiques - réponses
Réponse % Correct
Olympique de Marseille
49%
Olympique lyonnais
48%
AS Monaco
46%
Paris Saint-Germain
45%
LOSC Lille
44%
FC Nantes
42%
Girondins de Bordeaux
41%
AS Saint-Étienne
39%
OGC Nice
37%
Stade de Reims
37%
AJ Auxerre
34%
Toulouse FC
34%
FC Sochaux-Montbéliard
31%
Stade rennais FC
28%
EA Guingamp
27%
Montpellier HSC
27%
RC Strasbourg
27%
FC Lorient
21%
SC Bastia
17%
FC Metz
13%
Red Star FC
13%
FC Sète
11%
Le Havre AC
11%
AS Cannes
10%
AS Nancy-Lorraine
8%
CS Sedan Ardennes
7%
ÉF Nancy-Lorraine
7%
CA Paris
4%
Olympique de Paris
4%
RC Paris
4%
CA Sports généraux
3%
EAC Roubaix
3%
Club français
1%
Aucun quiz correspondant
Distribution des résultats
% des personnes avec chaque résultat
Percentile par nombre de réponses
Votre historique - résultats
Vous n’avez pas pris ce quiz depuis la dernière actualisation